00435nam a2200157Ia 4500003000400000005001700004008004100021040000700062082001900069100003800088245004700126260004500173365000800218650002900226650002200255OSt20230530100547.0210423s1984 xx 000 0 und d cAL a323 223bJOSD aJOSEPH (George);DESROCHERS (John) aDevelopment human rights and action graphs aBangalorebCentr for social actionc1984 cINR aCivil & Political Rights aPolitical Science